New managers: Patterns of behavior and development (Record no. 1341596)

MARC details
000 -LEADER
fixed length control field 00582nam a2200193Ia 4500
005 - DATE AND TIME OF LATEST TRANSACTION
control field 20250508153248.0
008 - FIXED-LENGTH DATA ELEMENTS--GENERAL INFORMATION
fixed length control field 008 250505s9999 xx 000 0 eng d
037 ## - SOURCE OF ACQUISITION
Stock number Books to be hide in OPAC
040 ## - CATALOGING SOURCE
Original cataloging agency FEDL
Language of cataloging eng
Transcribing agency FEDL
041 ## - LANGUAGE CODE
Language code of text/sound track or separate title eng
Source of code eng
084 ## - COLON CLASSIFICATION NUMBER
Classification number 658, DIL
Assigning agency FEDL
100 ## - MAIN ENTRY--PERSONAL NAME
Personal name Dill William R
245 #0 - TITLE STATEMENT
Title New managers: Patterns of behavior and development
260 ## - PUBLICATION, DISTRIBUTION, ETC.
Place of publication, distribution, etc. Englewood Chiffs, USA
Name of publisher, distributor, etc. Prentice Hall
Date of publication, distribution, etc. 1962
300 ## - PHYSICAL DESCRIPTION
Extent ix,258p
700 ## - ADDED ENTRY--PERSONAL NAME
Personal name Hilton Thomas L Reitman Walter R
9 (RLIN) 763558
942 ## - ADDED ENTRY ELEMENTS (KOHA)
Koha item type Books to be hide in OPAC
Classification part 658, DIL
Holdings
Withdrawn status Lost status Damaged status Not for loan Home library Current library Date acquired Total Checkouts Full call number Barcode Date last seen Price effective from Koha item type
        Department of Education Library Department of Education Library 2025-05-08   658, DIL EL0024468 2025-05-08 2025-05-08 Books to be hide in OPAC
Copyright @ Delhi University Library System